000 00822nam a2200265Ia 4500
003 OSt
005 20221005060510.0
006 a|||||r|||| 00| 0
007 ta
008 221004b |||||||| |||| 00| 0 eng d
020 _a9780415372947 (hbk)
_c5099.5
024 _a96857
037 _b467, 10/02/2009, Bhartiya Sahitya Bhawan
_cTextual
040 _aCRL
_cCRL
_beng
041 _2eng
_aeng
082 _aQ4, P6
100 _aCohen Richard S.
_929246
245 0 _aBeyond enlightenment
_b Buddhism, religion, modernity
260 _aLondon
_bRoutledge & Taylor UK
_c2006
300 _axv,237p.
_ccm.
490 _aRoutledge critical studies in buddhism
650 _aRELIGION
942 _hQ4, P6
_cTEXL
_2cc
999 _c966782
_d966782